Preguntas de Geografía - Estadísticas

Estadísticas generales
  • Esta prueba ha sido intentada 178 veces
  • La puntuación promedio es 8 de 12
Estadísticas de respuestas
Pregunta Respuesta % Correcto
¿Cuál es la capital de Brasil Brasilia
97%
¿Cuál es el país mas pequeño del mundo? Vaticano
94%
¿Cuál es la capital de Australia? Canberra
85%
¿Cuál es la capital de Mongolia? Ulan Bator
83%
¿De que país forma parte Gibraltar? Reino Unido
80%
¿De que país forma parte Groenlandia? Dinamarca
78%
¿En que continente está Vanuatu? Oceanía
75%
¿A que país pertenece Poznan? Polonia
74%
¿A qué comunidad autónoma pertenece Valladolid? Castilla y León
71%
¿Cuál es la isla mas poblada del mundo? Java
34%
¿En qué año se disolvió Yugoslavia? 2003
18%
¿Cuál es el pais con mas densidad de población? Malta
15%
No se encontraron pruebas coincidentes
Distribución de puntuación
Porcentaje de gente con cada puntuación
Porcentaje por número respondido
Historial de tus puntuaciones
No has intentado esta prueba.